| 000 | 00715na a2200241 4500 | ||
|---|---|---|---|
| 001 | 24544 | ||
| 003 | MIRAKIL | ||
| 005 | 20181213154805.0 | ||
| 008 | 181129b tu 000 0 | ||
| 020 | _a9759843722 | ||
| 040 |
_aMilas _btur _cTR-AnCHP |
||
| 041 | _atur | ||
| 082 |
_a923.00924 _bS65d 2005 |
||
| 090 | _a923.00924 S65d 2005 | ||
| 100 | _aSomekh, Sasson | ||
| 245 |
_aDün Bağdat _bBir Arap-Yahudi olarak büyümek _cSasson Somekh; çeviren Orhan Düz |
||
| 246 | _aBir Arap-Yahudi olarak büyümek | ||
| 260 |
_aİstanbul _bGri yayınevi _c2005 |
||
| 300 |
_a190 s. _bfotğ. _c20 sm. |
||
| 600 |
_aSomekh, Sasson _xYaşamöyküsü |
||
| 740 | _aBir Arap-Yahudi olarak büyümek | ||
| 942 |
_2ddc _cBKS |
||
| 999 |
_c903 _d903 |
||